| 000 | 00985nmm a2200289 a 4500 | ||
|---|---|---|---|
| 001 | ocm0002146503 | ||
| 003 | TR-IsHL | ||
| 005 | 20201028183112.0 | ||
| 008 | 190313s2017 tu tur | ||
| 007 | cr cn | ||
| 020 | _a9786059138178 | ||
| 035 |
_a2146503 _b(N$T) |
||
| 050 | 0 | 4 |
_aPL248.A345 _bK3 2017 |
| 090 | 0 | 4 |
_aPL248.A345 _bK3 2017 |
| 100 | 1 | _aAçıksözlü, Haldun | |
| 245 | 1 | 0 |
_aKaragöz'ün bekçiliği _h[electronic resource] / _cHaldun Açıksözlü ; yayına hazırlayan Cansu Oğuz |
| 250 | _aBirinci Basım | ||
| 260 |
_aİstanbul : _bTolstoy Yayınları, _c2017 |
||
| 300 | _a40 p. | ||
| 650 | 4 | _aDil ve Edebiyat | |
| 650 | 4 | _aLanguage and Literature | |
| 650 | 0 |
_aTürk edebiyatı _x Çocuk romanı |
|
| 650 | 0 |
_aTurkish literature _x Juvenile fiction |
|
| 650 | 7 |
_aLITERARY COLLECTIONS / Middle Eastern _2bisacsh |
|
| 700 | 1 | _aOğuz, Cansu | |
| 856 | 4 | 0 | _uhttp://search.ebscohost.com/login.aspx?direct=true&scope=site&db=e011xww&AN=2146503 |
| 999 |
_c20379 _d20379 |
||